| 000 | 00411nam a2200181Ia 4500 | ||
|---|---|---|---|
| 008 | 210210b1999 xxu||||| |||| 00| 0 eng d | ||
| 082 | _a539 BASM | ||
| 100 | _aBASAVARAJ (B). | ||
| 245 | _aModern physics. V2 | ||
| 260 |
_aBangalore _bOmkar publications _c1999 |
||
| 300 | _a360 | ||
| 440 | _a2 | ||
| 650 | _aV2 | ||
| 650 | _aphysics. | ||
| 650 | _aModern | ||
| 690 | _aModern Physics | ||
| 906 | _a055708 | ||
| 999 |
_c102802 _d102802 |
||